Responses for show #3063 - Wednesday, December 17, 1997

Contestants

Chris Koehler, a substitute teacher from Medford, Oregon

Zinie Chen, a journalist from Richmond, Virginia

Tim Surdyk, an undergraduate student from Seattle, Washington (whose 1-day cash winnings total $9,800)

Jeopardy! Round responses

FRUIT
PAIRS
JACK LEMMON FILMS
THE BIG APPLE
HISTORIC DATES
PLUMBING
(Alex: Yeah, the writers get cute every once in a while!)
    $100 21
Pineapple

Zinie
    $100 5
Love And Marriage

Tim
    $100 7
Walter Matthau

Chris
    $100 4
Madison Square Garden

Zinie
    $100 1
V-J Day

Zinie
    $100 23
Flush the toilet

Zinie
    $200 22
Watermelon

Chris
    $200 10
(Z: Who are the cat & the fiddle?)

Dish & spoon

TimZinie
    $200 8
President of the U.S.

Zinie
    $200 6
John F. Kennedy & LaGuardia

Chris
    $200 2
July 14

Tim
    $200 24
Threading

Zinie
    $300 28
Banana

Tim
    $300 18
Sonny & Cher

Chris
    $300 12
Nuclear power plant

Zinie
    $400 9
NYC Public Library

Zinie
    $300 3
Constantinople

Zinie
    $300 25
Garbage disposal

Chris
    $400 29
Grapefruit

Tim
    $400 19
Bonnie Parker

Tim
    $400 14
Tony Curtis

Tim
    $400 13
How do you get to Carnegie Hall?

Chris
    $400 11
James Joyce

Chris
    $400 26
Sump pump

Zinie
    $500 30
Nectarine

Zinie
    $500 20
Chang & Eng

Tim
    $500 16
Glengarry Glen Ross

Tim
    $500 17
The Bronx

Chris
    $500 15
Julian calendar

Chris
    $500 27
(T: What is a monkey wrench?)

Allen wrench

TimZinie

Scores at the first commercial break (after clue 15):

Tim Zinie Chris
$900 $1,200 $1,600

Scores at the end of the Jeopardy! Round:

Tim Zinie Chris
$2,500 $3,000 $2,900

Double Jeopardy! Round responses

SCIENCE
NAME THAT FAMOUS MOTHER
(Alex: They are all women!)
CLASSICAL COMPOSERS
OLD MAN HOMER HAD A FARM
BUSINESS & INDUSTRY
3-LETTER WORDS
    $200 1
Mercury

Zinie
    $200 11
Kathie Lee Gifford

Chris
    $200 20
Johannes Brahms

Tim
    $200 16
Cyclops (Polyphemus)

Chris
    $200 6
Fruit of the Loom

Zinie
    $200 24
Cub

Chris
    $400 2
(C: What is iron?)

Iridium

TimChris
    $400 12
Demi Moore

Chris
    $400 21
Giuseppe Verdi

Chris
    $400 17
(Chris: What is...)

a boar

Chris
Triple Stumper
    $400 7
Hershey's

Tim
    $400 25
(minute to go...)

Nap

Tim
    $600 3
Feedback

Triple Stumper
    $600 13
Harriet Nelson

Chris
    $600 22
Igor Stravinsky

Chris
    $600 18
Trojan Horse

Tim
    $600 8
Tinkertoys

Tim
    $600 26
Ape

Tim
    $800 4
Lift

Tim
    $800 14
Sarah Ferguson

Tim
    $800 29
Giacomo Puccini

Tim
    $800 19
Athena

Triple Stumper
    $800 9
Braun

Tim
    $800 27
Fez

Zinie
    $1000 5
Bacillus

Triple Stumper
    $1000 15
Joan Crawford

Chris
    $1000 30
Hector Berlioz

Triple Stumper
    $1,500 23
(C: Who is Medea?)

Circe (turned all the men into swine)

Chris
    $500 10
(T: no response)

Reebok

Tim
    $1000 28
Ode

Tim

Scores at the end of the Double Jeopardy! Round:

Tim Zinie Chris
$9,400 $4,200 $4,200
(lock game)

[wagering suggestions for these scores]

Final Jeopardy! Round responses

PATRON SAINTS
(Alex: The coast of Fife is in Scotland.)
ChrisWho was St. George?
$1,200
ZinieWho was St. Patrick?
$4,000
TimWho is St. George?
$500
St. Andrew

Final scores:

Tim Zinie Chris
$8,900 $200 $3,000
2-day champion: $18,700 3rd place: Trip on Amtrak 2nd place: Trip to Kauai Coconut Beach Hotel, Hawaii

Game dynamics:

Coryat scores:

Tim Zinie Chris
$9,900 $4,100 $5,700
21 R,
2 W
(including 1 DD)
15 R
(including 1 DD),
1 W
17 R,
3 W
(including 1 DD)

Combined Coryat: $19,700

The J! Archive is created by fans, for fans. The Jeopardy! game show and all elements thereof, including but not limited to copyright and trademark thereto, are the property of Jeopardy Productions, Inc. and are protected under law. This website is not affiliated with, sponsored by, or operated by Jeopardy Productions, Inc. Join the discussion at JBoard.tv.